Doğu Anadolu'da aşiret düzeni (Record no. 4466)

MARC details
000 -BAŞLIK
Sabit Uzunlukta Kontrol Alanı 00884na a2200289 4500
001 - KONTROL NUMARASI
Denetim Alanı 13033
003 - KONTROL NUMARASI IDENTIFIER
Denetim Alanı MIRAKIL
005 - SON İŞLEM TARİHİ VE ZAMANI
Denetim Alanı 20181213155006.0
008 - SABİT-BOY VERİ ELEMANLARI - GENEL BİLGİLER
Sabit Uzunlukta Kontrol Alanı 160930b tu 000 0
020 ## - ULUSLARARASI STANDART KİTAP NUMARASI
Uluslararası Standart Kitap Numarası 9755080309
035 ## - SİSTEM KONTROL NUMARASI
Sistem Kontrol Numarası 13033
040 ## - KATALOGLAMA KAYNAK
Orijinal Kataloglama Ajansı Milas
Kataloglama Dili tur
Metne Dönüştürmek Ajansı TR-AnCHP
041 ## - DİL KODU
Metin / Ses Parça Veya Ayrı Başlığın Dil Kodu tur
082 ## - DEWEY ONLU SINIFLANDIRMA NUMARASI
Sınıflandırma Numarası 305.891590561
Ürün Numarası Ö93d 1990
090 ## - SINIFLAMA NUMARASI
Sınıflama Numarası 305.89159 Ö93d 1990
100 ## - ANA GİRİŞ - KİŞİSEL İSİM
Kişisel Ad Özer, Ahmet
245 ## - BAŞLIK TABLOSU
Başlık Doğu Anadolu'da aşiret düzeni
Sorumluluk Tablosu, Vb Ahmet Özer
246 ## - UNVAN FORM VARYING
Başlık Doğru / Kısa Başlığı Doğu Anadoluda aşiret düzeni
260 ## - YAYIN, DAĞITIM, VB
Yayın, Dağıtım, Vb Yeri İstanbul
Yayıncı, Dağıtıcı, Vs Adı Boyut
Yayın, Dağıtım, Vb Tarihi 1990
300 ## - FİZİKSEL TANIM
Kapsam 143 s.
Boyutlar 19 sm.
504 ## - KAYNAKÇA VB NOT
Kaynakça Vb Notu Kaynakça var.
650 ## - KONU KATMA GİRİŞ - TOPİKAL DÖNEM
Topikal Süreli Veya Coğrafi Ad Giriş Elemanı Kültürel etnoloji
Genel Alt Bölümü Kürtler
Coğrafi Alt Bölümü Türkiye
650 ## - KONU KATMA GİRİŞ - TOPİKAL DÖNEM
Topikal Süreli Veya Coğrafi Ad Giriş Elemanı Kürtler
Genel Alt Bölümü Sosyal yaşam ve gelenekler
Coğrafi Alt Bölümü Türkiye
-- Doğu Anadolu Bölgesi
650 ## - KONU KATMA GİRİŞ - TOPİKAL DÖNEM
Topikal Süreli Veya Coğrafi Ad Giriş Elemanı Aşiretler
Coğrafi Alt Bölümü Türkiye
651 ## - KONU KATMA GİRİŞ - COĞRAFİ ADI
Coğrafi İsim Türkiye
Genel Alt Bölümü Etnik gruplar
Kronolojik Alt Bölümü Kürt aileler
Coğrafi Alt Bölümü Doğu Anadolu Bölgesi
942 ## - EKLENDİ GİRİŞ ELEMANLARI (KOHA)
Sınıflandırma Veya Raf Düzeni Kaynak
Koha Öğesi Türü Books
999 ## - SİSTEM KONTROL NUMARALARI (KOHA)
Koha Biblionumber 4466
Koha Biblioitemnumber 4466
Holdings
Kalıcı Konum Mevcut Konum Edinme Tarihi Edinim Kaynak Toplam Check-Out'Lar Tam Çağrı Numarası Barkod Tarih Son Görülme İtibaren Geçerli Fiyatlar Koha Öğesi Türü
CHP Kütüphanesi CHP Kütüphanesi 08/04/2016 Bağış   305.89159 Ö93d 1990 000620 08/04/2016 08/04/2016 Books